000 00957nam0a22002891 4500
001 rc\2280179
005 20110829191533.7
035 _a(NLR Aleph) 006559578
090 _a6828848
_c6828848
100 _a20110829d1977 |||y0rusy50 ca
101 0 _arus
102 _aRU
105 _aa z |||a|
200 1 _aВидимое невидимое
_eПовествование о тайнах, открытых... рентгеновскими лучами
_fС.Д. Вангенгейм
210 _aДонецк
_cДонбас
_d1977
215 _a134 с.
_cил.
_d17
606 _aРентгеновские лучи
_2psbo
686 _a535
_2rubbk
686 _aВ346я9
_2rubbk
700 1 _aВангенгейм
_bС. Д.
_gСветлана Дмитриевна
801 0 _aRU
_bNLR
_gpsbo
801 1 _aRU
_bELAR
_2rusmarc
852 _aNLR
_j77-2/2391
899 _aRuMoRGB
_jБ 77-22/537
899 _aRuMoRGB
_jБ 77-22/538
942 _cBOOK
980 _aNB